Desarrollo de los servicios de seguridad privada en el Salvador

保存先:
書誌詳細
団体著者: Fundación Arias para la Paz y el Progreso Humano
フォーマット: テキスト
出版事項: San José: Fundación Arias para la Paz y el Progreso Humano
主題:
タグ: タグ追加
タグなし, このレコードへの初めてのタグを付けませんか!

MARC

LEADER 00000 a a2200000 04500
001 30785
003
040
020 |a 9977-17-119-1  
090 |a 197302  |b   
110 |a Fundación Arias para la Paz y el Progreso Humano  
245 |a Desarrollo de los servicios de seguridad privada en el Salvador  
260 |a San José:   |b Fundación Arias para la Paz y el Progreso Humano  
300 |a 38 p.; 2 vol  
650 |a SEGURIDAD  
650 |a POLICIA  
650 |a SECTOR PRIVADO  
650 |a LEGISLACION  
650 |a GUERRA CIVIL  
650 |a EMPRESAS  
650 |a SEGURIDAD  
650 |a ARMAS  
999 |c 11930  |d 11930